00521cam a22002171 4500001001300000003000400013005001700017008004100034010001700075035002000092040001800112042001200130050001900142100003000161245002500191260001100216300001900227500001600246650002400262999001700286sa 67003644 DLC20260227112339.0900108s1966 ii 000 0 beno  asa 67003644  a(OCoLC)20860711 aDLCcWaUdDLC apremarc00aPK1718.M47bT51 aMitra, Bimal,d1912-1991.10aTina chaẏa naẏa. c[1966] a182 p.c23 cm. aIn Bengali. 0aBengali literature. c73952d73952